all gd extreme demons (may 2026) - Statistics

General Stats
  • This quiz has been taken 63 times
  • The average score is 165 of 1653
Answer Stats
Hint Answer % Correct
Ach Acheron
93%
Blo Bloodbath
93%
Cat Cataclysm
93%
Tid Tidal Wave
93%
Ame Amethyst
87%
Blo Bloodlust
87%
Sak Sakupen Circles
87%
Sla Slaughterhouse
87%
Son Sonic Wave
87%
Sub Subsuming Vortex
87%
Thi Thinking Space
87%
Thi Thinking Space II
87%
Ave Avernus
80%
BOO BOOBAWAMBA
80%
LIM LIMBO
80%
Qua Quanteuse processing
80%
Qua Quantum Processing
80%
Sak Sakupen Hell
80%
Son Sonic Wave Infinity
80%
Tar Tartarus
80%
The The Golden
80%
Aby Abyss of Darkness
73%
Acu Acu
73%
Ash Ashley Wave Trials
73%
Nul Null
73%
Nul Nullscapes
73%
ORB ORBIT
73%
Pen Penumbral
73%
Sil Silent Club
73%
Sil Silent clubstep
73%
Son Sonic Wave Rebirth
73%
Ste Stereo Extremeness
73%
The The Abyss
73%
Zod Zodiac
73%
Ana Anathema
67%
and andromeda
67%
Eon Eon
67%
Fla Flamewall
67%
KOC KOCMOC
67%
Red Red World
67%
Tim Time Extreme
67%
Yat Yatagarasu
67%
Art Artificial Ascent
60%
Edg Edge of Destiny
60%
Eve Every End
60%
Ome Omega
60%
Sha Shardscapes
60%
Was Wasureta
60%
xo xo
60%
Cal Calculator Core
53%
Def Defeated Circles
53%
Fir Firework
53%
Kyo Kyouki
53%
lim limbo but uwu ig idk
53%
Men Menace
53%
Pho Phobos
53%
poo poocubed
53%
Red Red World Rebirth
53%
Spe Spectre
53%
THE THE J
53%
The The Lightning Rod
53%
The The Yandere
53%
The The Yangire
53%
Tun Tunnel
53%
Tun Tunnel of Despair
53%
arc arcturus
47%
Con Conical Depression
47%
Dea Death
47%
Dig Digital Descent
47%
Gam Gamma
47%
Hyp HyperSonic
47%
Ken Kenos
47%
niw niwa
47%
Sil Silentlocked
47%
Swe Sweater Weather
47%
wal walter white
47%
Acr AcropoliX
40%
aft aftermath
40%
All Allegiance
40%
BBB BBBBBBBBBBBBBBBBBBBB
40%
Bla Black Blizzard
40%
CHI CHIL
40%
Cyb Cybernetic Crescent
40%
Io Io
40%
Kil Killbot
40%
kow kowareta
40%
MIN MINUSdry
40%
Nat Natural Disaster
40%
Sig Sigma
40%
Sol Solar Flare
40%
UNK UNKNOWN
40%
Vip Viprin UFO
40%
Apo Apocalyptic Trilogy
33%
Aud Auditory Breaker
33%
Bas Based After Based
33%
BEE BEELINE
33%
Bla Blade of Justice
33%
BuT BuTiTi III
33%
Cob Cobweb
33%
Cog Cognition
33%
Col Cold Sweat
33%
Dea Deadlier Clubstep
33%
Del Delta
33%
Dow Down Bass
33%
Dre Dreams
33%
Dry Dry Out Copyable 2
33%
EX EX
33%
Eye Eyes in the Water
33%
Fal Falling Up
33%
glu glungus
33%
Har Hard Machine
33%
Ion Ion
33%
Kuz Kuzureta
33%
loo loop
33%
Obl Oblivion
33%
Omi Omicron
33%
Our Ouroboros
33%
RUS RUST
33%
Sau Saul Goodman
33%
Sub SubSonic
33%
Sub Subterminal Point
33%
Swi Swing Swing
33%
The The Catacomb
33%
The The Hell World
33%
The The Lost Existence
33%
VOI VOID
33%
zor zorin
33%
8o 8o X
27%
A B A Bizarre Phantasm
27%
Aer Aerial Gleam
27%
Alp Alpha
27%
Arc Arctic Lights
27%
ATO ATOMIC CANNON
27%
ATO ATOMIC CANNON Mk II
27%
Axi Axinie
27%
Axi Axiom Asterism
27%
azu azure blast
27%
BPA BPATA MPAKA
27%
Car Carbon
27%
Che Checked Steam
27%
CHR CHROMACAVE
27%
Cod Codependence
27%
Con Congregation
27%
Cra Crackhead Circles
27%
Dia Diabolic ClubStep
27%
DIS DISCONNECT
27%
DIS DISSONANCE
27%
Dol Dolos
27%
Dre DreamStep
27%
Dua Dualist
27%
Fra Fracture
27%
Gag Gaggatrondra
27%
Gen Generic Wave
27%
Inf Infinite Chaos
27%
IRI IRIS
27%
KOS KOSETSU
27%
Loo Loops of Fury
27%
Low Low Death
27%
May Mayhem
27%
Miz Mizureta
27%
Nec NecropoliX
27%
NEU NEUTRA
27%
Nhe Nhelv
27%
NOM NOMAD
27%
ORD ORDINARY
27%
Pol Poltergeist Reborn
27%
Pri Prisma
27%
Pri Prismatic
27%
qoU qoUEO
27%
Ren Renevant
27%
RGB RGB
27%
SAR SARY NEVER CLEAR
27%
SAR SARYYX NEVER CLEAR
27%
Sev Sevvend Clubstep
27%
Sno Snowbound
27%
Ten Tenth Circle
27%
The The Salt Factory
27%
The The Sun
27%
The The Ultimate Phase
27%
Thr Through The Gates
27%
Ver Verdant Landscape
27%
We We Are Not The Same
27%
Wel Welcome To GD News
27%
X0 X0
27%
2 0 2 0
20%
2 1 2 1 1
20%
3x3 3x3
20%
9bl 9blue
20%
Alc Alcatraz
20%
Anc Ancestral Calamity
20%
Arm Armageddon
20%
Ast Astral Divinity
20%
Ath Athanatos
20%
Atm Atmos
20%
ATO ATOMIC CANNON Mk III
20%
Bac Backlights
20%
Bau Bausha Vortex
20%
BEI BEING HOME
20%
Bel Belladonna
20%
Bel Belloq
20%
Bet Betelgeuse
20%
BLA BLACKLIGHTS
20%
BRI BRITNEY NO SCLEARS
20%
Bro Broken Signal
20%
BYE BYE
20%
CHR CHROMA FINALE
20%
CHR CHROMA II
20%
Chr Chromatic
20%
Chr Chromatic Haze
20%
chr chrome hearts
20%
Cim Cimmerian Shade
20%
CIT CITRA
20%
Cli Climax
20%
Coa Coalescence
20%
COM COMBUSTION
20%
CON CONVULSION
20%
Cos Cosmic Cyclone
20%
Cri Critical Heat
20%
Cry Crystal
20%
Cry Crystal Crusher
20%
Dar Dark Dimension
20%
Del Delta Interface
20%
Des Destruction 19
20%
Dev Devil Vortex
20%
dor doradura
20%
Fra Fragile
20%
Fro Frost Spirit
20%
geo geography dash
20%
Goo Goober Rage Stage
20%
Gra Graceful
20%
Gui Guideless Goobering
20%
Hen Henken
20%
Hyp Hyper Paracosm
20%
IMA IMAPHONE
20%
Inf Infernal Abyss
20%
in in this
20%
Jig Jigsaw
20%
Jud Judgement Knights
20%
Ker Keres
20%
Lit Lithium
20%
Lot Lotus
20%
Lot Lotus Flower
20%
Luc Lucid Nightmares
20%
mom moment
20%
N0 N0
20%
Nec Necromancer
20%
Ome Omega Interface
20%
Ope Operation Evolution
20%
Pan PanaSonic
20%
Qua Quantum Dynamix
20%
Red Redemption
20%
Rig Rigel
20%
RTX RTX ON
20%
Scr Scream Machine
20%
Scr Scrubbabingo force
20%
SHI SHINE
20%
Sin Sinister Silence
20%
SL8 SL8O
20%
SLA SLAM
20%
Sno Snowdrift
20%
SPE SPEEDRUN
20%
squ squeak
20%
STR STRATUS
20%
Sun Sunset Sandstorm
20%
SUP SUPERHATEMEWORLD
20%
sup super probably level
20%
The The Flawless
20%
The The Hallucination
20%
The The Hell Bird
20%
The The Hell Factory
20%
THE THE JET ENGINE
20%
The The Rupture
20%
Tim Time Lapse
20%
Tru Trueffet
20%
Vis Visible Ray
20%
Wat Waterfall
20%
Wcr WcropoliX
20%
Wid Widestep
20%
WOB WOBBLING MACHINE
20%
wtf wtf
20%
XxX XxXxXxXxXxX
20%
4 M 4 Matilda
13%
4uc 4ucked Up
13%
A2M A2Marbl
13%
ABE ABEL
13%
Aes Aesthetic
13%
A F A Fleeting Reverie
13%
Air Air Tech
13%
AKI AKIRA
13%
All All In
13%
Alt Altered Ascent
13%
Any Anya III
13%
any any percent
13%
APE APEX
13%
Apo Apollo 11
13%
Aqu Aquatic Auroras
13%
Arc Arctic Arena
13%
Aro Aronia
13%
Art Artifice
13%
Art Artificial Climb
13%
Art Artificial Dream
13%
Art Artificial Ideology
13%
ATM ATMarbl
13%
Atm Atmosphere
13%
Aud Audio Expulsion
13%
Aud Audio Extraction
13%
Aur Aurora
13%
Aur Auroral Darkness
13%
Aur Auroral Valhalla
13%
Azu Azure Fiesta
13%
Bal Balengu Vortex
13%
Ban Bangarang
13%
Ban Bang Gang
13%
Bar Barbaros Finale
13%
Bar BarbarosFinaleFinale
13%
Beg Begin
13%
Bet Betrayal of Fate
13%
Bla Black Flag
13%
Blo Blood Echo
13%
Boo Booh
13%
Boo Boost
13%
Bra Brain Power
13%
BRA BRAINROT
13%
BRA BRAINWASH
13%
Bud Budding Roses
13%
BUR BURNOUT
13%
BuZ BuZzKiLl
13%
Cal Calibrate
13%
Cal Call Me Maybe
13%
Car Carbon Fiber
13%
Cau Caution
13%
Cel Celestial Force
13%
Con Concaved Memories
13%
COR CORRODERE
13%
Cyb Cybersonic
13%
cyt cytokinesis
13%
Dam Damascus
13%
Dar Dark Odyssey
13%
Day Daybreak
13%
Day Daydream
13%
Dea Death Corridor Z
13%
Dec Decks Dark
13%
Dei Deimos (EndLevel)
13%
Dei Deimos (ItsHybrid)
13%
Dis Disconnected Descent
13%
Doo Doop
13%
Dup Duplication
13%
Dya Dyad
13%
Edg Edge of the World
13%
EGO EGO KILLING
13%
EKO EKO
13%
Ele ElectroLux
13%
Env EnvY
13%
Eps Epsilon
13%
Esf Esfera
13%
ETE ETERNAL
13%
Exo Exosphere
13%
Fal Falcon16
13%
Fal Fallen Horizon
13%
Fex Fexty
13%
Fog Fog
13%
Fra Fractured Dreams
13%
Fun Fun Friday
13%
Gal Galeforce
13%
Glo Glowy
13%
Glo Gloxinia
13%
GON GONER
13%
Gra Gracefully
13%
gra gravity
13%
Hor Horros
13%
Hyp Hyper Paradox
13%
Ido Idols
13%
I N I NEVER DREAM
13%
Ins Insaction
13%
Jes Jesse Pinkman
13%
JRJ JRJRJR
13%
Jup Jupiter My Favourite
13%
Kap Kappa
13%
Kni Knights of Thunder
13%
Lev Levigo
13%
Loo Loochiverse
13%
Lux Luxtra
13%
Mar Marching Band
13%
Mat Matilda the Machine
13%
me me when machine gang
13%
Mic Microsoft DriveThru
13%
Mid Midnight
13%
Mis Misty Mountains
13%
Mol Molten Core
13%
Mon Monitor
13%
Mov Moving Forward
13%
My My Own Funeral
13%
Mys Mystic
13%
Nab Nabil Let Go
13%
NEB NEBULA
13%
Neo Neon Skyline
13%
NeR NeRUaL
13%
Nev Never Beat It
13%
New New Record
13%
Nif Niflheim
13%
no no jokes
13%
oGo oGo
13%
Ogu Ogue
13%
One OneAttempt
13%
ONV ONVIL FACTORY
13%
OOP OOPZ
13%
OUC OUCH
13%
Our Ouroboros Startpos 2
13%
OXI OXI
13%
Par Paroxysm
13%
Pho Photovoltaic II
13%
Pla Plasma Pulse Finale
13%
POW POW
13%
Pre Precipitance
13%
Pri Prismatic Haze
13%
Pro Promethean
13%
QDY QDYNAMIX
13%
Qua Quantum Theory
13%
r a r a g e
13%
Rag Rage
13%
RAN RANDOM ACCESS MEMORY
13%
Rea Reactor Core
13%
RIV RIVERS OF NAZARETH
13%
ROW ROW
13%
Rul Ruler of Everything
13%
RUT RUTHLESS
13%
Ryf Ryft
13%
Sem Semicolon 3
13%
Shi Shinigami
13%
Shm Shmarley Ville
13%
Sho Shotgun
13%
Shu Shukketsu
13%
Shu Shutdown
13%
Sig Sigma Interface
13%
Sky Sky Shredder
13%
SMA SMASH
13%
Sno SnowFall Fiesta
13%
Spa Spacial Rend
13%
Spa Sparkling
13%
Spe Spectrum Cyclone
13%
Sta Stalemate Redux
13%
Sta Starlight Summit
13%
Sta Starlit Stroll
13%
Sta Stasis
13%
Ste Stellar Night
13%
sun sunburn
13%
sup super kontik
13%
SZY SZYSLAK
13%
ta1 ta1LSD0ll
13%
TAN TANTRUM
13%
Tap Tapwreck
13%
Ter Terminal Rampancy
13%
The The Fog
13%
The The Grotto
13%
The The Hell Dignity
13%
The The Hell Origin
13%
The The Hell Zone
13%
The The Paroxysm of Rage
13%
The The Plunge
13%
The The Ultimate Demon
13%
The The Ultimate Return
13%
The The Wonder of You
13%
Thr Throat of the World
13%
Tit Titan Complex
13%
Tit Titanic Thunderstorm
13%
Tor Torgue
13%
Tra TrakineS
13%
Tro Trotil
13%
Twi Twilight
13%
Twi Twisted Tranquility
13%
Ult UltraSans
13%
Und Under lavaland
13%
UNG UNG
13%
Unt Untitled
13%
unt untitled unmastered
13%
vae vaenstep
13%
Vio Violently X
13%
V O V O L L E Y
13%
Vol Volume
13%
vor vortex
13%
wat water demon
13%
Wav WaveBreaker
13%
Wav Wavterminal
13%
WOW WOW
13%
wut wutend
13%
Xro Xronier
13%
Ygg Yggdrasil
13%
Zet Zettabyte
13%
ZOO ZOOOOOOOOOOOOOOOOOOM
13%
0 m 0 mind
7%
0 T 0 Techno
7%
100 100HEX
7%
133 1330X
7%
15 15 Step
7%
22 22 Trials of PAIN
7%
2 C 2 Comme le vent
7%
3AB 3ABNCNMOCT6
7%
4El 4Elements
7%
4im 4imu
7%
7 d 7 do not wait for 1
7%
Aba Abandoned Planet
7%
A B A Berry
7%
Abs Absolute Anarchy
7%
ABS ABSTRAKTIA
7%
ABS ABSURDIA
7%
Acr Acrozis
7%
ADO ADOMANIA
7%
Adr Adrenaline (IvanCrafter026)
7%
Adr Adrenaline (wapon77)
7%
Adv Advanced AirStream
7%
Adv Advent Aurora
7%
Aer Aerios
7%
aet aether (Zeptoz)
7%
aet aether (ZeroSR)
7%
Age Agen Wida
7%
agg agg challenge 18
7%
Ago Agony
7%
Aim Aimbotter Force
7%
Air Air Fryer
7%
Aka Akashic Records
7%
Aks Aksion
7%
Alp Alpha Baa X
7%
Alt Alternative Ascent
7%
Amb Ambidexter
7%
ame ameliorate
7%
Ana Anahita
7%
Anc Ancient Travel
7%
Ann Annihilation Nation
7%
Ano Another Phase
7%
Ano Anoxysm
7%
App Apparition
7%
Aqu Aquanemesis
7%
Asc Ascension
7%
Asc Ascension Tower
7%
Asc Ascent
7%
ASH ASHES
7%
Asm Asmodeus
7%
Ast Asterios
7%
Aur Aura (Duque01)
7%
Aur Aura (Ka1sa)
7%
Aur Aureole
7%
Aur Aurorae
7%
Aur Auroral Ascent
7%
AUT AUTONOMICA
7%
AUX AUX cord
7%
Ava Avalanche (Filqh)
7%
Awa Awakening Horus
7%
Awe Awedsy
7%
Azu Azurite (royen)
7%
Azu Azurite (Sillow)
7%
Bal Ballistic Funk
7%
Bas Based Gang
7%
Bea Beatpulse
7%
Bet Betrayal of Destiny
7%
Bey Beyond Hell
7%
Bey Beyond the summit
7%
Bim Bimu
7%
Bio Biohazard (ARtu)
7%
Bio Biohazard (Mattsstuff)
7%
Bit Bitcrusher
7%
BLI BLIND
7%
Blo Blocktober Casino
7%
BOI BOINKERS
7%
Boo Boogie
7%
Bor Bordon Factory
7%
Bor Boreas
7%
Bou Bouncy Ball
7%
Bri Brimtanic Paradise
7%
BRK BRKMGB8GJCZ
7%
BRO BROWNOIX
7%
Cad Cadrega City
7%
Cad Cadrega Mode
7%
Cal Calamity
7%
Cal Callisto
7%
Car Carcano
7%
Car Carnage Mode
7%
Cas Castling
7%
Cat Cat Planet
7%
Ch1 Ch1ll Puddy
7%
Cha Chaos Ball Theory
7%
Cha Charge
7%
Cho ChopStep
7%
CIC CICADA3302
7%
Cic Cicatrize
7%
cim cimu
7%
Cir Circuit Breaker
7%
Cla Clarity
7%
Clo Clock tower
7%
clo cloud
7%
clo cloudscape
7%
Clo Clown Control
7%
Clu Cluttered Confusion
7%
Cob Cobwebs
7%
Cog Cognitive Overload
7%
Com Come Home
7%
Con ConClusion
7%
Con ConFusion
7%
CON CONNECT
7%
Con ConTroller
7%
CON CONVOLVER
7%
Con Convulsing Light
7%
Coo Coolie Mazie Paloozi
7%
Cor Coral Cave
7%
cor corrupted volume
7%
Cos Cosmic Cluster
7%
Cos Cosmic Cluster II
7%
Cri Crimson Planet
7%
Cro Crowd Control
7%
Cup Cupid
7%
CYC CYCLONE
7%
dan dance
7%
Dan Dance of the Violins
7%
Dea DeathWheel
7%
Dec Deception Dive
7%
Del Delebit Oblivio
7%
Del Delete File
7%
Des Descent Into Exile
7%
Dia Diamonds For Dashers
7%
Dig Digital Disarray
7%
Dil Diligence
7%
DIR DIRECTIONS
7%
Dis Disentombed
7%
Dis Dismal Duststorm
7%
Dis Dismay (ewop)
7%
Dis Disruption
7%
DMG DMG CTRL
7%
Dol Dole Damos
7%
Dre Dream City
7%
Dre Dreamer
7%
DRE DREAMING
7%
DRE DREAMS TAKE OVER
7%
Dsi DsinK
7%
Dum Dump
7%
Dus Dusker Processing
7%
Dus Dust Bowl
7%
dus dusty travel
7%
ech echos du silence
7%
ECS ECSTASIS
7%
Ecs Ecstasy (SleyGD)
7%
ECT ECT6 KOHTAKT
7%
Ede Edelweiss
7%
Ede EdenCity
7%
Edg Edge of the Blade
7%
Ele Electric Forest
7%
Eli Elite Z Rebirth
7%
ELL ELLIPSISM
7%
Emp Empyrean
7%
End Endless Dream
7%
End End of the Universe
7%
Enl Enlightened memories
7%
ENT ENTROPY
7%
Ere Erebus (BoldStep)
7%
Ere ErebuS (Platnuu)
7%
Ero Erosion
7%
Esc Escape Room
7%
Ese Esencia
7%
Ete Eternal Dreams
7%
ete eternal entropy
7%
Ete Eternal Moment
7%
Eur Europa
7%
Evi Evil Inside
7%
Exc Excruciation Chamber
7%
Exp Expedition
7%
EXP EXPLICIT
7%
Exp Explosion
7%
Ext Extinction
7%
Fab Fabrication
7%
Fac Facility Escape
7%
Fad Faded Dream
7%
Fai Fair Morning
7%
Fai Faith
7%
Fer Ferrum Frenzy
7%
Fim Fimu
7%
Fin Fingerdash v3
7%
Fis Fishe
7%
FIS FISH FISH GODMODE
7%
Flu Fluxion
7%
Fra Framework
7%
Fre Freedom08
7%
Fre Freedom16
7%
Fre Free For All 2
7%
Fre Free Solo
7%
FRI FRIDAY
7%
FRU FRUSTRATION
7%
Fus Fusion Z
7%
Fut Future Chaos
7%
FUT FUTURE DEMON MACHINE
7%
Gam Game Over
7%
Gam Gaming
7%
Gam Gaming 35
7%
GEO GEODE
7%
Gli Glide
7%
GLI GLISTEN
7%
Gli Glitched Memories
7%
Glo Glory
7%
glo gloss
7%
GO GO bird
7%
Gri GridLocked
7%
Gus Gustavo Fring
7%
Hat Hateful Reflection
7%
Hat Hatred
7%
Hea Heart Attack
7%
Hea Heavenly Echo
7%
Hea Heavens Door
7%
hel help
7%
Hid Hidden in the Sand
7%
hot hot rod
7%
HUR HURRICANE
7%
Ice Icefall
7%
IDO IDOL19
7%
i h i hate renn
7%
i h i hate you
7%
ika ikaros
7%
Ili Iliobasilema
7%
ILO ILOVECYAN
7%
imi imitation game
7%
IMO IMOISTAR
7%
ina inanimate INSANITY
7%
In In Circles
7%
INC INCODE
7%
Inf Infinite Iniquity
7%
Inf Infinite Inversion
7%
inM inMind
7%
INN INNARDS
7%
Int Interstellar Entropy
7%
Jai Jail Break
7%
Jeo JeonGi
7%
Jim Jimu
7%
Khr Khrone
7%
KIN KINGSLAYER
7%
Kjd Kjdf8314jlfssf
7%
Kom Komodo
7%
KUB KUB
7%
Lab Labyrinth
7%
Lac Lacertus
7%
lar laranja azul rosa
7%
Lau Launchpad Labyrinth
7%
LD5 LD50
7%
Le Le Fishe
7%
Le Le Midd Mapperoonies
7%
Lig Lights Out
7%
Lig Light Travel
7%
LIM LIMU
7%
Liz Liz
7%
lod lodin da fish washer
7%
Lov Lovers Sadness
7%
Luc Lucid Chaos
7%
Mac Macabre
7%
mad maddening
7%
Mag Magic
7%
Mag Magnificent Gaps
7%
Mak Make it funky
7%
Mal Malware II
7%
M A M A N I X
7%
Mas Masochism
7%
Maz Mazemory
7%
MEL MELTDOWN
7%
Mew MewneI
7%
Mil Milo
7%
Mis Miscellaneous Memory
7%
MIS MISFIRE
7%
mis miss you
7%
Mol Molten Gear
7%
Mom Momentary Affection
7%
MOT MOTOR MOGOK
7%
Muj Mujigae
7%
Myo Myocardia
7%
Myr Myrce
7%
Mys Mystic Bounds
7%
My My Worst Demon Level
7%
Nac Nacreous Snowmelt
7%
Nap Napalm
7%
Nau Nautilus
7%
nei neighborhood
7%
NEK NEKOTINE
7%
NET NETWORK (Agat3)
7%
net network (VanDerVals)
7%
Net NetzWerk
7%
Neu Neurostasis
7%
Nex Nextphase
7%
nif niflhel
7%
NIG NIGHTLIGHTS
7%
Nig Nightmare Chasm
7%
Nig Night Rider
7%
NIG NIGHT RUNNER
7%
Nig Nightshade
7%
No No Ember
7%
now nowdead
7%
Nuc Nuclear Alarm
7%
NYU NYUTOPIA
7%
Occ Occult Outcry
7%
of of Ambrosia
7%
Omo Omorfia
7%
On1 On1y Cub3
7%
One One5Seven
7%
OPS OPSM1
7%
Our Our Fountain
7%
Our Ourwa
7%
Out Out of Chaos
7%
OUT OUTPUT SPRING
7%
OVE OVERKILL
7%
Ove Overlord
7%
Ove Overtime
7%
Pag Pagoda
7%
PAI PAINFUL PLAYLAND
7%
Pal Pale Machine
7%
PAR PARADISE POINT
7%
Pen Penultimate Phase
7%
Pim Pimu
7%
PIS PISTON
7%
Pix PixelSonic
7%
Pla Plasma Pulse III
7%
Pla Plastic Flowers
7%
Pla Platscapes
7%
plu plunq
7%
POU POURING
7%
Pow Power Grid
7%
Pro Pro Lov Ad
7%
Pro Proteus
7%
PRO PROTOFLICKER
7%
Qim Qimu
7%
Qua Quadratic Function
7%
Qua Quaoar (Flosia)
7%
Qua Quaoar (ViPriN)
7%
rad radio tower
7%
Rag Ragnarok
7%
RAI RAINBOW GIRL
7%
Rai Raindance
7%
Rai Raisins
7%
RAM RAM
7%
RAS RASH
7%
Rat Rate Demon
7%
Rea Reanimate
7%
ree reeses potentially
7%
Req Requiem
7%
Ret Retention
7%
Ret Retention Rush
7%
rev reverence
7%
Rev Reverie
7%
ReV ReVolution Unleashed
7%
Rif Rift
7%
rim rimu
7%
Rob Robi
7%
ROC ROCKY ROAD
7%
S3N S3NT1M3NT
7%
San Sank
7%
sar sarthix
7%
Saz Sazerix
7%
SCO SCORCHING LANDSCAPE
7%
SEG SEGFAULT
7%
Sep Sephtis
7%
Sew Sewers
7%
Sho Shock Breaker
7%
Sho Shock Therapy
7%
Sho Showdown
7%
Shu Shukufuku
7%
SIG SIGSEGV
7%
Sin Siniristi
7%
Sin Sink
7%
Sis SisuSonic
7%
Skr Skrrah
7%
Sky Sky tech
7%
Sle Sleep
7%
Sle Sleeptalk
7%
Sle Sleepwalking
7%
Sno Snowfall Storm
7%
sno snowing in las vegas
7%
Sod Sodium
7%
SOL SOLEIL
7%
Sol Solstice
7%
Sou SoulbounD
7%
Spe Specthys
7%
Spe Spectrum Rave
7%
Spe Spectrum Split
7%
Spr Springtime
7%
squ squelch
7%
sta stand in the snow
7%
Sta Starlight Cyclone
7%
Ste Steel Terrors
7%
Ste Stereo Smasher
7%
Sto Stop Breathing
7%
sto story 2
7%
Sty Stygian Machinery
7%
SUM SUMMER
7%
Sum Summer Sky
7%
Sun Sunk
7%
SUP SUPERCONDUCTOR
7%
SUP SUPERMAYOHATECLUB
7%
Sup Supernova
7%
sup super serious world
7%
Swi Swirling Serenity
7%
Syn Synergy
7%
Sys Sysmique Locked
7%
TAS TASSAR
7%
Tea TeaM Z
7%
Tec Tech X
7%
Ter Terminal Heaven
7%
Tes Tesseract
7%
Tes Tesseract Force
7%
Th3 Th3Dev0n
7%
The The Art of the Blade
7%
The TheCinnyBun
7%
the the guards mission
7%
The The Hell Field
7%
The The Hell Inferno
7%
The The Hell Nutz
7%
The The Hell Tribute
7%
The The Man With No Eyes
7%
The The Moon
7%
The The Moon Below
7%
the the ocean of fish
7%
The The Rainbow Switch
7%
The The Red Coronation
7%
The The Sulphur Sea
7%
the the super hotdog
7%
The The Tower XXII
7%
the the wiener
7%
The The Winged Sword
7%
THI THIS CITY LIT
7%
Thr Through The Decay
7%
Tim Time Pulse
7%
Tim Timor
7%
Tim Timu
7%
ToD ToDIE
7%
Tor Torsion
7%
To To The Stars II
7%
Tox Toxic Sewers
7%
Tra Tragedy in 5 acts
7%
tra tran la luot
7%
TRO TROLLMACHINE
7%
Tro Trouncy Ball
7%
TUA TUAPEKA
7%
Tur Turbulent Valley
7%
TUR TURN THE LIGHTS OFF
7%
Twi Twilight Coexistence
7%
Twi Twilight Spire
7%
Twi Twisted Titanium
7%
Twi Twitch Denan
7%
U23 U235
7%
Uhm Uhm Huh
7%
Uh Uh Oh
7%
Une Unearthed
7%
Unf Unfair Evening
7%
Unk Unknown Civilization
7%
UNL UNLEASH WHALE WHALES
7%
uns unsaved changes
7%
Up Up and Down
7%
Upl Uplink
7%
Upr Uprise
7%
Van Vanish
7%
Ven VendetTa
7%
ver verisimilitude
7%
Vid Video
7%
Vig Vignette
7%
vio violetwall
7%
VIP VIPER
7%
Vis Visurient
7%
Viv Vivacious
7%
Voc Vociferous
7%
Voi Voided
7%
Voi Void Wave
7%
Voi Void World
7%
Vol Voltage (Hypno)
7%
Vol Voltaic
7%
Vol Voluto
7%
Vor Vortex of Time
7%
Voy Voyager 1
7%
War Warios Gold MinE
7%
War Warning
7%
Wav Wavetrip
7%
Wea Weald
7%
We We Forgot Everything
7%
Wha Whats The Point
7%
Whg Whg3 Lv5
7%
WHI WHITE LIGHT
7%
Who Whoopsie Gravy
7%
Win Wind Storm
7%
Wit Witching Hour
7%
Wit Without U
7%
WND WNDLSS LNDSCP
7%
Wor Worse Trip
7%
WOR WORSTBRAINMAP
7%
X84 X84
7%
Xer Xeriscape
7%
XRA XRAY
7%
x s x steampunk x
7%
XtC XtC
7%
xus xuser morelike luser
7%
Yee YeeSangHaeYo
7%
Yim Yimu
7%
YIP YIPPEE
7%
Ykd Ykds1479ymdppr
7%
you your brain on brain
7%
Yuh Yuh
7%
ZAP ZAPHKIEL
7%
Zen Zen Blast
7%
Zen Zenith (HJFod)
7%
Zen Zenith Of The Sky
7%
Zin Zinhwa
7%
Zir Ziroikabi
7%
Zir Ziroikapi
7%
Zur Zurb
7%
0%
6LA 6LACKLIGHT
0%
ACH ACHROMATISM
0%
Ade Adelucid
0%
Ama Amalgam
0%
ANG ANGEL ON A SATELLITE
0%
Ant Antonymph
0%
Apo Apothesis
0%
Arc Archipelago
0%
Ari Ari Om
0%
Ast Astrophobia
0%
Aut Autumnal Remanace
0%
AVA AVALANCHE (Emarii)
0%
Axi Axium
0%
Bac Back On Track
0%
Bas Basil
0%
Bas Bass Cave
0%
Ber Berserk
0%
Bet Bete Noire
0%
BIR BIRD MACHINE LANDS
0%
BLO BLOOM
0%
Blu Blue Suns Zenith
0%
Bor Bored Walk
0%
Bos Boson
0%
Bre Breakout (iIshadowIi)
0%
Bre Breakout Redux
0%
Bre Breakout (Surv)
0%
Bru Bruno Mars
0%
bur burn to dust
0%
cab cabbit
0%
can can i have mod now
0%
Can Canneles Au Chocolat
0%
Car Carmine Cascade
0%
Cas Casino of Envy
0%
CAS CASIO HELLBURST
0%
Cas Cassette
0%
Cat Catalyze
0%
cav cave of heart
0%
cer cerebral hemorrhage
0%
Cer Cerebral Torment
0%
Cer Cersia Difficult
0%
Cer Cersia Madness
0%
Cha Chainsaw
0%
Cha Champions Road
0%
CHE CHERRYCRUSH
0%
Che Cheyenne
0%
Cho CholeriX
0%
Chu Chub Chub
0%
CIT CITYFADE
0%
CLO CLOWNS
0%
Cob Cobalt Hell
0%
cog cognitohazard
0%
Col Coldest Winter Yet
0%
Col Cold Level Go BRRRR
0%
Col Collapse (fwwe)
0%
Col Collapse (Nexel)
0%
Col Collect All Pets
0%
Col Color Beam
0%
Com Come to Daddy
0%
Com Complementary Cruise
0%
Con Controlled Chaos
0%
CON CONVEYOR
0%
CON CONVOLUTION
0%
Cor Corrosion
0%
Cos Cosmic Ray
0%
Cos Cosmorush 21
0%
cou court circuit
0%
Cre Creepy Needle
0%
Cre Crerro Kaizo I
0%
Cre Crerro Kaizo II
0%
CRI CRIDIUM
0%
Cri Crime And Punishment
0%
Cri Crimson Citadel
0%
Cri Crippled Depression
0%
Cro Cromulent
0%
Cro Crowded Void
0%
CRU CRUEL
0%
Cry Cryothorn Hell
0%
Cry Cryptic Dream
0%
Cur Curie
0%
Cur Current Current
0%
Cyb Cyberstorm
0%
Dan Dance Til Dawn
0%
DAR DARKENED
0%
Dar Dark Flare
0%
Dar Dark Rivalry
0%
DAS DASHER
0%
Ddi Ddiamond
0%
DEA DEAD OF NIGHT (Split72)
0%
Dea Dead Of Night (TMCo)
0%
Dea Death of the Divine
0%
Dea Death Sentence
0%
Dec Decay
0%
dec declassification
0%
Ded Dedohexdragon
0%
Dee Deep Bass
0%
Def Deflective
0%
Del Delicious Dogs
0%
del delightful climb
0%
Dem Demonicat
0%
DEO DEOGEN
0%
dep depth
0%
DES DESOLATE
0%
Des Destination 19
0%
Des Destinies
0%
DET DETERNARY
0%
Dev Devils Disco
0%
dev devins thorn zone
0%
dev devoid
0%
Dev Devotion
0%
Dia Diamond Disco
0%
Dim Dimensional Breaking
0%
Dim Dimension Breaker
0%
Dis Disaster Dive
0%
Dis Disasterous Danceoff
0%
Dis Disastrous Downpour
0%
dis dish rags
0%
Dis Disintegrate
0%
Dis Disordered Stars
0%
Dis Distortion
0%
dis distraught
0%
Dop Doppler
0%
Dra Draco Meteor
0%
Dua Dualies
0%
Dua Dual Pulse
0%
Dub DubKore X
0%
Dum Dumbest Girl Alive
0%
Dun Dungeon Treasures
0%
Ech Echos of Neon
0%
ecl eclipse
0%
ECS ECSTASY (Filqh)
0%
Eff Effect II
0%
Ele Eleos
0%
Ell Elliptic Curve
0%
Emp Empanadas Fugaces
0%
Emp Empress Blades
0%
EMP EMPTINESS
0%
enc encroaching dark
0%
EnC EnCrypted
0%
End Endurance
0%
ENT ENTANGLEMENT
0%
Ent Entrenched
0%
Erg Ergonomic Chair
0%
Est Estufa
0%
ETE ETERNAL ENDING
0%
Eth Ethereal Artifice
0%
Eth Ethereal Entity
0%
Eva Evangelion
0%
EVE EVENT HORIZON
0%
Evi Evil Depths
0%
Exa Exaltation
0%
Exi Existentia
0%
Exo Exotic Energy
0%
EXT EXTREME MEMORY MIX
0%
Ext Extremoduro
0%
Fab Fabricated Thoughts
0%
Fab Fabulous
0%
Fac Facility Collapse
0%
Fac Factory Realm X
0%
FAI FAILURE
0%
Fak Fake Sunrise
0%
Fal Falling Maze
0%
Fal Falsch
0%
Fan FanTasticLand
0%
FAR FARBIDI THEORY
0%
Far Farthest Outpost
0%
FAU FAULTY CODE
0%
FEE FEEL ALIVE
0%
Fel Fellow Phobia
0%
Fev Fever Dream (ElirpscalionPC)
0%
Fev Fever Dream (IcEDCave)
0%
Fev Feverest Dream
0%
FIF FIFTY THREE
0%
Fin Final Epilogue
0%
Fin Final Round
0%
fin find the answer
0%
Fin FinKor
0%
fir fire emoji
0%
FIR FIREPOWER (Kapycta999)
0%
Fir FirePower (MrLorenzo)
0%
FIR FIREPOWER (Sillow)
0%
fis fish in the sink
0%
FLA FLAMETHROWER
0%
Fla Flappy Dynamix II
0%
FLO FLOAT
0%
Flo Floating Maze
0%
Flo Floating Outskirts
0%
Fly Flyway
0%
fol follow me CLOSELY
0%
fon font by robtop
0%
For Forbidden Isle
0%
for forgotten veil
0%
fou four
0%
Fra Fragmented
0%
Fre Freedom19
0%
Fre Frenzy
0%
Fri Friday Vortex
0%
Fri Frightful Melody
0%
Fro Frozen
0%
Fro Frozen Cave
0%
FTW FTW
0%
Ful Fulmination
0%
fun funnyname funnygame
0%
Fur Furious Flames
0%
FUR FURY OF 500
0%
Fur Fury Tech
0%
Fus FusionDynamix
0%
Gal Galactic Shift
0%
Gal Galaxy Gas
0%
gal gallery
0%
GAN GANGIMARI
0%
Gan Gangnam Style
0%
Gan Gang Plank Hell
0%
gar gardening map
0%
Gat Gateway
0%
GBS GBS
0%
Gen Generic Glow Level
0%
Gen Gentlemens Clique
0%
Geo Geometrical Dominato
0%
Get GetFixedBoi
0%
Gew GewErbiX
0%
Gho Ghoul
0%
Giv Give Up II
0%
Gla Glacial Torrent
0%
Gli Glimmer
0%
Gli Glitch Control
0%
God Godspeed
0%
Gol Goldcrest Palace
0%
Gol Golden Club
0%
Gol Golden Flare
0%
goo goober land
0%
Gra Grand Eclipse
0%
Gra Graphite World
0%
GRE GREAT FURY OF HEAVEN
0%
GRE GREFG
0%
Gri Grill Kill
0%
Gri Grind District
0%
Gri GrizzlyWare
0%
Gui Guidance
0%
Had Hades
0%
Hai Haircut
0%
Hal Halberd
0%
HAL HALL OF THE HOOKKING
0%
HAP HAPPY PILLS
0%
Hap Happy World
0%
Har Hardry
0%
Haz Hazy Memories
0%
hea headlock
0%
Hea Heartbeat (KrMaL)
0%
Hea Heartbeat (MadisonYuko)
0%
Hea HeatSeeker
0%
Hea Heat Wave
0%
HEA HEAVIER METAL
0%
Hel Helios
0%
HEL HELIX (GoldSource)
0%
Hel Helix (LEOPUS)
0%
Hex Hexagonestestestest
0%
Hid Hidden Horizons
0%
Hol Hollow
0%
HOO HOOKIN UP WITH CUSTI
0%
Hop Hopping Over Puddles
0%
Hue Huellas En La Nieve
0%
Hyd Hydratic
0%
Hyd Hydraulic Overdrive
0%
Hyp Hyperchaos
0%
HYP HYPER GRAVITRON
0%
Hyp HyperHyperHyperHyper
0%
Hyp Hyperliminal
0%
Hyp HyperLuma
0%
Ice Ice Climbers
0%
Ico Icotact
0%
I C I CRY
0%
i j i just wish i could
0%
Ill Ill fly 2 you
0%
Ill Illusion
0%
i l i loved you
0%
im im happy 4 you
0%
IMM IMMORTALITY
0%
Imp Impasse
0%
in2 in2deep
0%
Inc Incandescent
0%
in in canon
0%
Inc Incipient
0%
Ind Indivine
0%
Inf Infinite Highway
0%
INF INFLAMMABLE INFUSION
0%
Inf Inflective
0%
Ins Insane Techniques
0%
Ins Inside
0%
Ins Instant Execution
0%
Ins Instinct (ItsHybrid)
0%
Ins Instinct (Krazyman50Real)
0%
Int Intersummisse
0%
Int Intervallum
0%
In In the Generator
0%
INT INTO PETALS
0%
Int Intrusive ID
0%
iri iridium
0%
Iri Iris of a Puppeteer
0%
it it back
0%
Ith Ithacropolis
0%
Ith IthacropoliX
0%
I W I Wanna Be The PT
0%
IWa IWannaPlatformerList
0%
i w i wanna rob the top
0%
I W I Wanted To Sleep
0%
Jam Jamboree
0%
Jar Jard Factory
0%
Jet Jetpack Trials
0%
Jum Jumping Demons
0%
Jun Junk Realm
0%
Jus Just A Bunch Of Idea
0%
Jus Just DANCE
0%
Kan Kanpai
0%
Kar Karasu
0%
Kar Karma
0%
Keb Kebnekaise
0%
Kin Kinetic Bypass
0%
Koa Koantaoh
0%
Kol Kolor Kore
0%
Kup Kupier Belt
0%
L0L L0L K3K
0%
La La Cueva
0%
lac lacy
0%
La La Llorona
0%
las last ship was cool
0%
Las Last Station
0%
Las Last Stop
0%
Lat Lateral Myst
0%
Lav Lava Trials II
0%
Let Lets All Love Lain
0%
lez lezicuv
0%
Lib Libertas
0%
Lif Life and Beauty
0%
Lig Lightness
0%
lim limitless
0%
Lin LinuGi
0%
Lit Lit Path
0%
Lob LobaXmasTower
0%
Lon Lonely Lights
0%
LOO LOOSE ENDS
0%
Loo Loose Screws
0%
Los Lost Love
0%
los lost summary
0%
Lov Love0
0%
lov lovel
0%
Lov Lovestruck
0%
Lum Luma
0%
LUM LUMINA
0%
Lum Luminosity
0%
Lun Lunacide
0%
Lun Lunar
0%
LXE LXE
0%
Lyr Lyrae
0%
Mad MadMansion
0%
Mag Magnum Opus
0%
Mak Make It Drop
0%
MAK MAKE ME SAD
0%
Mal Malevolent
0%
Mal Malevolent Maelstrom
0%
Mam Mammoth Mountain
0%
Man Mandragora
0%
MAN MANIAC
0%
MAN MANIAC 333
0%
Man Maniamatic
0%
MAN MANIC
0%
Man Manic Machine
0%
Mar Marathon (ThiKn)
0%
Mar Marathon (weoweoteo)
0%
Mar Marlboro reds
0%
Mas MasmeCrescent
0%
Mas Masterpiece
0%
Mat Maths
0%
May Maybe Possibly Thing
0%
Mec Mecha Mayhem
0%
Mec Mechanical Warehouse
0%
Med Medramint
0%
Mei Meisou Hanabi
0%
Mel Melancholy
0%
Me Me Lin A
0%
Mel Melon River
0%
mem memories
0%
mem memories III
0%
meo meow hard
0%
Mes Mesabisos
0%
Met Metalic Destruction
0%
Met Metal Requiem
0%
Mid Midnight Tokyo
0%
MIN MINIMUM (Insidee)
0%
MIN MINIMUM (Sivlol)
0%
Mir Mirage
0%
Mir Mirrored Calamity
0%
mis mischeviousmechanism
0%
Mis Missing Benefits
0%
Mjo Mjolnir
0%
Mol Molten Mercury
0%
Mon Monitoring
0%
Mon Monstercat
0%
MON MONSTROSITY
0%
mor morning vibe
0%
MOR MORPHINE
0%
Mot Motorbreath
0%
mul multi arm
0%
MUS MUSKY MOLD
0%
my my worst level
0%
Nec Necrocide
0%
Nem Nemesis
0%
Neo Neon Guts
0%
Neo Neon Mixtape Tour
0%
nev nevermore
0%
Nex Next Stage
0%
nig night party
0%
Nin Ninobytte
0%
Nob Noble Plague
0%
Noi Noir
0%
No No More
0%
Nor Northern Essence
0%
Nos Nostalgia
0%
Nos Nostalgic Overdrive
0%
No No Survivors
0%
Nov Novae Project
0%
Nov Novalis
0%
Nov Novasphere
0%
Nuh Nuh uh
0%
Nun Nunri
0%
Obs Obscura
0%
obs obsession
0%
Oh Oh God No
0%
Onc Once Again
0%
Out Outside Eyesight
0%
Ove Overdrive
0%
ove overlook
0%
Pan Pandemonium (Cersia)
0%
Pan Pandemonium (Yakimaru)
0%
Par Paralysis
0%
PAR PARANOIA (AAAAAlex)
0%
par paranoia (Amplitron)
0%
Par Paranoid Android
0%
Par Party Rock Anthem
0%
pea peak
0%
Pen Penombre
0%
Pen Pentakill
0%
Per Perfect in Place
0%
Pes Pessimism
0%
Pha Phantasma
0%
Pha Phantasmagoria (Janucha)
0%
pha phantasmagoria (whlt)
0%
pho phosphorescent
0%
Pia Piano Woman
0%
Pin Pingas21
0%
Pit Pitfall Caverns
0%
Pla Place
0%
Pla Plasmatic
0%
pla playing possum
0%
Plo Ploink
0%
PLU PLUS ULTRA
0%
POI POINTIERCRATE
0%
Poi Pointless Park
0%
Pol Polish Alphabet
0%
Pol Polygonal Paradox
0%
poo poocu4ever
0%
Poo Pootis Engage XTREME
0%
Por Porridge Factory
0%
Pos Possible Boy
0%
Pou Pound Town
0%
Pro Project alter
0%
Pro Project Buzzkill
0%
pro project girlboss
0%
Pro Project Lobotomy
0%
Pro Project Nexus
0%
PRO PROTON LAUNCHER
0%
Psy Psycho Killer
0%
PSY PSYCHOPATH (DeniPoi)
0%
Psy Psychopath (Skulzi)
0%
Psy Psychotic
0%
pul pulsation
0%
Pum Pumped Up Kicks
0%
PUR PURE VALE
0%
Qua QuantumSonic
0%
Rab Rabbit Hole
0%
Rad Radiant Activation
0%
RAM RAMPANANT
0%
RAW RAWSTAR
0%
Ray Rayovac
0%
Rea Realtered
0%
Rea Reaper Lair
0%
rec recollection
0%
Rec Recrystallize
0%
RED REDEEMER
0%
Red Redemption Arc
0%
Red Red Moon
0%
Ref Reflective
0%
REL RELENTLESS
0%
Rel Relevations
0%
Rem Remember
0%
Rem Removed Submission
0%
REP REPENTLESS
0%
res reset your mind
0%
Ret Retention Redux
0%
ret retrophonic
0%
Reu Reunite
0%
Rev Revolution 1993
0%
Rin Ringy Paracosm
0%
rob robotchief exposal
0%
Rob Robot King
0%
ros rosedynamix
0%
rub ruber cash 22
0%
Run Runtime Error
0%
SAN SAND SAILOR
0%
SAN SANTA FE
0%
Sap Sapphire Angel
0%
Sca Scattered n Lost
0%
Scr Screaming
0%
Sea Seaglass Foundry
0%
Sec Secret
0%
SEC SECTOR 19
0%
Sep Sephiroth
0%
Seq Sequence
0%
ser serenity
0%
SEV SEVENTY SEVEN
0%
Sha Shape of the Sun
0%
SHA SHATTER
0%
sha shattered lens
0%
Shi Shibui
0%
shi shimmer (amplitron)
0%
Shi Shimmering Chamber
0%
Shi Shimmer (Mercury)
0%
Shi Shirakami
0%
SHU SHURIMA
0%
Sid Sides Of My Mind
0%
sil silent hills
0%
Sil Silentium Clavas
0%
Sil Silentium Gradas
0%
SIN SINGULARITY
0%
Sin Sinister Incision
0%
Sky Sky Conflux
0%
SLA SLAY MOMENT
0%
Sle Sleepover II
0%
SMA SMARTISH MODE
0%
Sol Solarion
0%
Sor SorryForPartyRocking
0%
Sou Soundwave
0%
Spa Spacious Senses
0%
Spe Spectrum Blaze
0%
Spi Spin Cycle
0%
Spi Spirit House
0%
STA STARBREAKER
0%
Sta Static Ignition
0%
Ste Steelworks Bounce
0%
Ste Stellaluna
0%
Ste Step To Hell
0%
Sti Stickerbush Symphony
0%
STI STICKS FOR BONES
0%
Sto Storm Front
0%
Sto Storming Summit
0%
sto stormpunk
0%
Str Strabit
0%
Str Stressed Out
0%
SUB SUBVERSIVE
0%
Sup Supercharged
0%
Sup Supreme Demon Mix
0%
Sur Surge of Memories
0%
Sur Surge of the Shield
0%
SWA SWAP CORE
0%
Syr SyrEX
0%
Tec Tech Manifestation
0%
Tec Techno Disco
0%
Tec Techno Flashes
0%
tec technopunk
0%
Tem Tempered Steel
0%
Tem Tempest Tornado
0%
Ten Tenebris
0%
Ten Tenkai
0%
Ten Tenochtitlan
0%
ten tensor
0%
Ter Terminux
0%
Ter TerrorCore
0%
The The Antimatter
0%
The The Capital
0%
The The Cellar Path
0%
the the coldest place
0%
the the DEADLANDS
0%
The The Depths Above
0%
THE THE DRIP TRIP
0%
The The First
0%
The The Gins II
0%
The The Mainframe
0%
The The Observatory
0%
The The Old Trail
0%
THE THE PRINCE
0%
The The Reaper
0%
The The Savannah Citadel
0%
The The SMR Collection
0%
The The Tears Beneath
0%
Tho Thorny Path
0%
Thr Through time
0%
Thu Thunder Alphabet
0%
Thu Thunderzone
0%
Tom Tomb of the pain
0%
TOR TORN
0%
TOR TORNADO
0%
Tot Totem
0%
To To The Blue Moon
0%
To To the Exosphere
0%
Tre Treatment Facility
0%
TRE TREMORS
0%
Tri Triadic Trials
0%
Tri Triangle Death Chute
0%
Tri Triple Six
0%
TRI TRIPPIN BALLS
0%
tro troll level
0%
Tro Tron
0%
TRX TRXPPING EYEBXLLS
0%
Tur Turnt Temp
0%
ULT ULTRA VIOLET
0%
Uni Universe on fire
0%
Unv UnveiL
0%
unw unwell
0%
Vac Vacant
0%
VAL VALOVI
0%
Van Vantablack
0%
vas vast waters
0%
Ven Venom Valley
0%
ver verbogen
0%
Ver Vermilion
0%
Ver Vertigo (notLevo)
0%
Ver Vertigo (PAHC)
0%
ver very rusty pipeline
0%
Vex Vexatious
0%
Vio Violet Illusions
0%
Vir Viridian
0%
Vir Virtual Collapse
0%
VIR VIRTUE
0%
Vol Voltage (ThePurgatory)
0%
Wac Wacky McWhackface v2
0%
Wal Waltervallum
0%
Wan Want Me
0%
Way Wayback Array
0%
Wel Welcome to your mind
0%
Whi White Noise
0%
Wil Wild Rose
0%
Win Wintertime
0%
wir wires
0%
Wit Withered Star
0%
woo woolypigs demise
0%
WRI WRISTS UNTIED
0%
XDA XDAY
0%
Xen Xenolith (Mariokirby1703)
0%
Xen Xenolith (Zisthic)
0%
Yeo Yeo Back
0%
Zen Zenith (Lan IIVX)
0%
No matching quizzes found
Score Distribution
Percent of People with Each Score
Percentile by Number Answered
Your Score History
You have not taken this quiz